000 00910nas a2200313 4500
001 BR0500854
003 BR-BrBNA
005 20231205105136.0
007 ta
008 230509b bl.|||p| |||| 00| 00por d
040 _aBR-BrBNA
_bpor
_cBiblioteca Nacional de Agricultura
041 _a(Pt)
072 _aQ80; Q04
100 1 _aNassu, R.T
100 1 _aLima, J.R.
245 1 _aEstabilidade oxidativa de manteiga da terra acondicionada em diferentes embalagens
650 _aMANTEIGA
650 _aEMBALAGEM
650 _aPLÁSTICO
650 _aVIDRO
650 _aANÁLISE ORGANOLÉPTICA
650 _aACONDICIONAMENTO
650 _aOXIDAÇÃO
650 _aVIDA-DE-PRATELEIRA
650 _aCEARÁ
773 0 _tRevista Ciência Agronômica (Brazil)
_xISSN 0045-6888
_g(Jan-Jun 2004), v. 35(1) p. 110-115
_wBR0500854
909 _a202311
_bLúcia
_c55
_dLúcia Elande
942 _2AGRIS
_n0
_cANA
999 _c181452
_d181452